MARC

Tag First Indicator Second Indicator Subfields
LEADER 00000cas a2200000 a 4500
001 in00002509037
005 20211202193007.0
006 m d
007 cr |||||||||||
008 100212c20079999pauar s f0 a0eng c
010 |a  2010230109 
022 0 |a 2154-0772  |2 1 
035 |a (OCoLC)ocn506500223 
037 |b Address: 319 Washington St., 5th Floor, Johnstown, PA 15901-1622 
040 |a GPO  |c GPO  |d GPO  |d DLC  |d GPO  |d MvI  |d UtOrBLW 
042 |a pcc  |a nsdp 
043 |a n-us-fl 
049 |a WWW 
050 1 0 |a ISSN RECORD 
074 |a 0857-R-03 (online) 
082 1 0 |a 360  |2 14 
086 0 |a PREX 26.1/3:F 66 N 
110 2 |a North Florida High Intensity Drug Trafficking Area (Program) 
222 0 |a North Florida High Intensity Drug Trafficking Area drug market analysis  |b (Online) 
245 1 0 |a North Florida High Intensity Drug Trafficking Area drug market analysis. 
246 1 3 |a Drug market analysis.  |p North Florida High Intensity Drug Trafficking Area 
264 1 |a Johnstown, PA :  |b National Drug Intelligence Center, U.S. Dept. of Justice. 
300 |a electronic texts, volumes :  |b HTML, digital PDF files. 
310 |a Annual 
336 |a text  |b txt  |2 rdacontent 
337 |a computer  |b c  |2 rdamedia 
338 |a online resource  |b cr  |2 rdacarrier 
362 1 |a Began with June 2007. 
538 |a Mode of access: World Wide Web from the NDIC web site. Address as of 2/12/10: http://www.justice.gov/ndic/topics/dmas.htm ; current access is available via PURL. 
500 |a Description based on: June 2007; title from caption (viewed Feb. 12, 2010). 
500 |a Latest issue consulted: 2009 (viewed Feb. 12, 2010). 
500 |a Electronic resource. 
610 2 0 |a North Florida High Intensity Drug Trafficking Area (Program)  |v Periodicals. 
650 0 |a Drug control  |z Florida  |v Periodicals. 
650 0 |a Federal aid to law enforcement agencies  |z Florida  |v Periodicals. 
650 0 |a Drug traffic  |z Florida  |x Prevention  |v Periodicals. 
780 0 0 |a North Florida High Intensity Drug Trafficking Area (Program).  |t Annual report  |x 1946-4924  |w (DLC) 2008230145  |w (OCoLC)263180574 
710 2 |a National Drug Intelligence Center (U.S.) 
710 2 |a High Intensity Drug Trafficking Area Program (U.S.) 
710 1 |a United States.  |b Department of Justice. 
856 4 0 |u https://purl.fdlp.gov/GPO/LPS119342  |z Scroll down to "North Florida High Intensity Drug Trafficking Area"  |t 0 
999 |a MARS 
999 f f |s 33595030-8223-382e-9ab1-f172b802b919  |i b645a4c1-db79-311c-9983-4ca57ee61936  |t 0 
952 f f |a Texas A&M University  |b College Station  |c Electronic Resources  |d Available Online  |t 0  |e PREX 26.1/3:F 66 N  |h Superintendent of Documents classification 
998 f f |a PREX 26.1/3:F 66 N  |t 0  |l Available Online